Detalles MARC
| 000 -CABECERA |
| campo de control de longitud fija |
01706nam a2200217 a 4500 |
| 001 - NÚMERO DE CONTROL |
| campo de control |
000000909 |
| 005 - FECHA Y HORA DE LA ÚLTIMA TRANSACCIÓN |
| campo de control |
20200929145433.0 |
| 008 - DATOS DE LONGITUD FIJA--INFORMACIÓN GENERAL |
| campo de control de longitud fija |
090609s1999 dr 001 0 spa d |
| 040 ## - FUENTE DE LA CATALOGACIÓN |
| Centro catalogador/agencia de origen |
DO-SdBNP |
| Lengua de catalogación |
spa |
| Centro/agencia transcriptor |
BNPHU |
| 082 ## - NÚMERO DE LA CLASIFICACIÓN DECIMAL DEWEY |
| Número de clasificación |
344.72093021 |
| Número de documento/Ítem |
R426t |
| 110 1# - ENTRADA PRINCIPAL--NOMBRE DE ENTIDAD CORPORATIVA |
| Nombre de entidad corporativa o nombre de jurisdicción como elemento de entrada |
República Dominicana. |
| Unidad subordinada |
Secretaría de Estado de Trabajo |
| 9 (RLIN) |
491 |
| 245 10 - MENCIÓN DE TÍTULO |
| Título |
Tarifas de salarios mínimos nacionales aprobadas por el Comité Nacional de Salarios. |
| 260 ## - PUBLICACIÓN, DISTRIBUCIÓN, ETC. |
| Lugar de publicación, distribución, etc. |
Santo Domingo : |
| Nombre del editor, distribuidor, etc. |
Secretaría de Estado de Trabajo, |
| Fecha de publicación, distribución, etc. |
1999. |
| 300 ## - DESCRIPCIÓN FÍSICA |
| Extensión |
137 p. ; |
| Dimensiones |
21cm. |
| 500 ## - NOTA GENERAL |
| Nota general |
Incluye referencias bibliográficas y notas al pie de las páginas |
| 505 0# - NOTA DE CONTENIDO CON FORMATO |
| Nota de contenido con formato |
1. Presentación -- |
| Título |
2. Resolución no. 4-94 de fecha 21/9/94 -- |
| -- |
3. Resolución no. 5-97 de fecha 6/11/97 -- |
| -- |
4. Resolución no. 1- 98 de fecha 16/5/98-- |
| -- |
5. Resolución no. 3-98 de fecha 30/5/98 -- |
| -- |
6. Resolución no. 4-98 de fecha 14/8/98 -- |
| -- |
7. Resolución no. 5-98 de fecha 22/10/98 -- |
| -- |
8. Resolución no. 6-98 de fecha 4/11 /98 -- |
| -- |
9. Resolución no. 1-99 de fecha 1/3/99 -- |
| -- |
10. Resolución no. 2-99 de fecha 1/3/99 -- |
| -- |
11. Resolución no. 3-99 de fecha 8/6/99 -- |
| -- |
12. Resolución no. 4-99 de fecha 8/6/99 -- |
| -- |
13. Resolución no. 5-99 de fecha 23/7/99 -- |
| -- |
14. Resolución no. 7-99 de fecha 23/7/99 -- |
| -- |
15. Resolución no. 8-99 de fecha 23/7/99 -- |
| -- |
16. Resolución no. 9-99 de fecha 3/7/99 -- |
| -- |
17. Resolución no. 10-99 de fecha 27/7/99 -- |
| -- |
18. Resumen de los decretos, leyes y resoluciones que fijan salarios mínimos nacionales, desde el 1930 hasta 1999 |
| 590 ## - NOTA LOCAL (RLIN) |
| Nota local |
Inventariado, 2018/VM |
| 650 #4 - PUNTO DE ACCESO ADICIONAL DE MATERIA--TÉRMINO DE MATERIA |
| Término de materia o nombre geográfico como elemento de entrada |
Salarios |
| Subdivisión general |
Legislación |
| Subdivisión geográfica |
República Dominicana |
| 9 (RLIN) |
3215 |
| 650 #4 - PUNTO DE ACCESO ADICIONAL DE MATERIA--TÉRMINO DE MATERIA |
| Término de materia o nombre geográfico como elemento de entrada |
Salario mínimo |
| Subdivisión general |
Legislación |
| Subdivisión geográfica |
República Dominicana |
| 9 (RLIN) |
3216 |
| 910 ## - DATOS DE OPCIÓN DEL USUARIO (OCLC) |
| Datos de opción del usuario |
Validado. Control de calidad MFF |